Statistics for The Reytons Songs by Opening Lyrics

Click here to take the quiz!

General Stats

  • This quiz has been taken 16 times
  • The average score is 9 of 16

Answer Stats

Opening LyricsAnswer% Correct
_______, like the roofs of the VaticanRed Smoke
93%
_______, nights of eroticsAntibiotics
86%
They say the apple don't fall far from the treeCash in Hand & Fake IDs
86%
He's stuck his very last fiver on an eightfold accaBroke Boys Cartel
71%
He took the long way round for a trip to GlastoHarrison Lesser
71%
Alreyt have you seen those ladsOn The Back Burner
71%
Little Jimmy is a grafterSlice of Lime
71%
Yeah that streetlight's on and I'm still outKids Off The Estate
64%
Can't you tell he's had a bloody good nightLow Life
64%
Blinded by the lights inside this smokey room full of ten bags and bucket hatsRetro Emporium
57%
_____________ has been on the drink againBilly Big Bollocks
50%
Been out since I left this morningHeadache
43%
She woke up feeling tenderLandslide
36%
Tight tops and two for one cocktailsTallest Man in the Nightclub
36%
Sirens are ringingAvalanche
29%
Don't try too hard my loveCould Do Better
14%

Score Distribution

Percentile by Number Answered

Percent of People with Each Score

Your Score History

You have not taken this quiz